000 00748nas a2200241 4500
001 BR0400700
003 BR-BrBNA
005 20231205104328.0
007 ta
008 230509b bl.|||p| |||| 00| 00por d
040 _aBR-BrBNA
_bpor
_cBiblioteca Nacional de Agricultura
041 _a(Pt)
072 _aL53
100 1 _aCarneiro, G.F.
245 1 _aBiotécnicas da reprodução na espécie eqüina
650 _aEQÜINO
650 _aMATURAÇÃO ARTIFICIAL
650 _aREPRODUÇÃO ARTIFICIAL
650 _aINSEMINAÇÃO ARTIFICIAL
773 0 _tRevista Brasileira de Reprodução Animal (Brazil)
_xISSN 0102-0803
_g(Apr-Jun 2003), v. 27(2) p. 143-150
_wBR0400700
909 _a202311
_bLúcia
_c55
_dLúcia Elande
942 _2AGRIS
_n0
_cANA
999 _c177588
_d177588